Intersection of yoga philosophy and spiritual awakening: Vivekananda and Patanjali (Record no. 394170)

MARC details
000 -LEADER
fixed length control field 00550 a2200205 4500
005 - DATE & TIME
control field 20260312102804.0
008 - FIXED-LENGTH DATA ELEMENTS--GENERAL INFORMATION
fixed length control field 260106b |||||||| |||| 00| 0 eng d
020 ## - ISBN
International Standard Book Number 9789391113438
Price Rs. 1295.00
040 ## - CATALOGING SOURCE
Original cataloging agency VIVEKANANDA LIBRARY
082 ## - DDC NUMBER
Classification number 294.564
Book Number V837S:I
100 ## - MAIN ENTRY--PERSONAL NAME
Personal name Sondhi, M N
245 ## - TITLE STATEMENT
Title Intersection of yoga philosophy and spiritual awakening: Vivekananda and Patanjali
260 ## - PUBLICATION, DISTRIBUTION, ETC. (IMPRINT)
Place of publication, distribution, etc Delhi
Name of publisher, distributor, etc Kitabwallah
Date of publication, distribution, etc 2023
300 ## - PHYSICAL DESCRIPTION
Pages 260
650 ## - Subject
Subject Religion
650 ## - Subject
Subject Yoga
700 ## - Added Entry Personal Name
Added Entry Personal Name Behl, Prashant
700 ## - Added Entry Personal Name
Added Entry Personal Name Manoj Singh
942 ## - ADDED ENTRY ELEMENTS (KOHA)
Koha item type Books
Holdings
Withdrawn status Lost status Source of classification or shelving scheme Damaged status Not for loan Location (home branch) Sublocation or collection (holding branch) Shelving location Date acquired Koha issues (times borrowed) Koha full call number Accession No. Koha date last seen Koha item type
    Dewey Decimal Classification     VIVEKANANDA LIBRARY VIVEKANANDA LIBRARY Dr. Mangal Sen Chair 12/12/2025   294.564 V837S:I 443615 12/12/2025 Books
    Dewey Decimal Classification     VIVEKANANDA LIBRARY VIVEKANANDA LIBRARY Vivekananda Library 19/02/2026   294.564 V837S:I 438513 19/02/2026 Books
© Designed and Maintained by Vivekananda Library, MDU Rohtak